| 000 | 01109cam a2200313 i 4500 | ||
|---|---|---|---|
| 001 | 4202561 | ||
| 003 | OSt | ||
| 005 | 20230703151337.0 | ||
| 008 | 801204s1979 it f000 0 eng | ||
| 010 | _a 80510393 | ||
| 015 | _aIt*** | ||
| 040 |
_aDLC _cDLC _dDLC |
||
| 041 | 1 |
_aeng _hita |
|
| 043 | _ae-it--- | ||
| 082 | 0 | 0 |
_a342.45 _bROi |
| 110 | 1 |
_aItaly. _kConstitution. _lEnglish. |
|
| 245 | 1 | 4 |
_aThe Constitution of the Republic of Italy ; _bRules of the Chamber of Deputies, and of the Senate of the Republic. |
| 260 |
_aRome : _bChamber of Deputies, _c1979. |
||
| 300 |
_a195 p. ; _c22 cm. |
||
| 610 | 1 | 0 |
_aItaly. _bParlamento. _tCamera dei deputati _vRules and practice. |
| 610 | 1 | 0 |
_aItaly. _bParlamento. _bSenato _vRules and practice. |
| 650 | 0 |
_aConstitutions _zItaly. |
|
| 650 | 0 |
_aConstitutional law _zItaly. |
|
| 710 | 1 | 2 |
_aItaly. _bParlamento. _bCamera dei deputati. _tRegolamento della Camera dei deputati. _lEnglish. |
| 710 | 1 |
_aItaly. _bParlamento. _bSenato. _tRegolamento del Senato. _lEnglish. |
|
| 906 |
_a7 _bcbc _corignew _d3 _encip _f19 _gy-gencatlg |
||
| 942 |
_2ddc _cBK |
||
| 999 |
_c3388 _d3388 |
||